000 004430000a22001810004500
003 MACL
005 20151017151309.0
008 151017b xxu||||| |||| 00| 0 eng d
040 _aMACL
_cMACL
041 _aEnglish
082 _a920/RED
100 _aReddy, E S
_915721
245 _aGandhi And South Africa
260 _bNavajivan Publishing House
_c1993
_aAhmedabad
350 _a350
650 _aBiography
_915722
942 _cBK
_k920
_2ddc
999 _c3711
_d3711